Bengkel pengendalian dinamika dan perbincangan sindiket pada 18-21 Jun 1990 bhg.3 [

Bibliographic Details
Corporate Author: Institut Penilaian Negara
Format: Book
Published: Bangi : Institut Penilaian Negara , 1990
Subjects:

MARC

LEADER 00000cam a2200000 7i4500
001 0000021980
005 20080630.0
040 |a INS 
090 0 0 |a VCD 1397 
245 0 0 |a Bengkel pengendalian dinamika dan perbincangan sindiket pada 18-21 Jun 1990 bhg.3 [  |h cakera video] 
260 |a Bangi :   |b Institut Penilaian Negara ,   |c 1990 
300 |a 1 cakera video (183 min.) :   |b bny., wrn. ;   |c 4 3/4 in. 
500 |a Juga terdapat dalam format VHS 316 
650 0 0 |a Organizational effectiveness 
710 1 |a Institut Penilaian Negara 
999 |a VCD0001397   |b VIDEO CD   |c Media Collection   |e Default branch